The champions of Indian fiction in English (Record no. 84705)
[ view plain ]
| 000 -LEADER | |
|---|---|
| fixed length control field | 01136nam a2200277 a 4500 |
| 245 04 - TITLE STATEMENT | |
| Title | The champions of Indian fiction in English |
| 260 ## - PUBLICATION, DISTRIBUTION, ETC. (IMPRINT) | |
| Place of publication | Jaipur [India] : |
| Name of publisher | Sunrise Publishers & Distributors, |
| Year of publication | 2009. |
| 300 ## - PHYSICAL DESCRIPTION | |
| Number of Pages | 210 p. |
| 650 #0 - SUBJECT ADDED ENTRY--TOPICAL TERM | |
| Topical Term | Indic fiction (English) |
| 700 1# - ADDED ENTRY--PERSONAL NAME | |
| Personal name | Prasad, Amar Nath. |
| Personal name | Srivastava, J. |
| 856 40 - ELECTRONIC LOCATION AND ACCESS | |
| Uniform Resource Identifier | http://site.ebrary.com/lib/rucke/Doc?id=10417674 |
No items available.
